The Novels of norman mailer / (Record no. 42149)

MARC details
000 -LEADER
fixed length control field 00683nam a22001937a 4500
005 - DATE AND TIME OF LATEST TRANSACTION
control field 20100816142120.0
010 ## - LCCN (DPL NO)
LC control number ENG-100670
020 ## - INTERNATIONAL STANDARD BOOK NUMBER
International Standard Book Number 9789380024240
Terms of availability 200.00
035 ## - SYSTEM CONTROL NUMBER
System control number EN-84203
037 ## - SOURCE OF ACQUISITION
Source of stock number/acquisition DABD/PUB
082 ## - DEWEY DECIMAL CLASSIFICATION NUMBER
Classification number 813.08
100 ## - MAIN ENTRY--PERSONAL NAME
Personal name Ramachandran,K.
245 ## - TITLE STATEMENT
Title The Novels of norman mailer /
Statement of responsibility, etc by Ramachandran, K.
260 ## - PUBLICATION, DISTRIBUTION, ETC. (IMPRINT)
Place of publication, distribution, etc Erode
Name of publisher, distributor, etc Pallavi Pathippagam S. India
Date of publication, distribution, etc 2008
270 ## - ADDRESS
Address 194, Kanna complex, Methur Road
City Erode
Postal code 11
300 ## - PHYSICAL DESCRIPTION
Extent 118p.
Dimensions 20cm (pbk)
942 ## - ADDED ENTRY ELEMENTS (KOHA)
Source of classification or shelving scheme Dewey Decimal Classification
Item type English Books
Classification part 813.08
Call number suffix RAM
Holdings
Withdrawn status Lost status Not for loan Collection code Home library Current library Date acquired Source of acquisition Cost, normal purchase price Full call number Barcode Copy number Cost, replacement price Koha item type
    Not For Loan Non-fiction D.B.Act.Division D.B.Act.Division 16/08/2010 DBAD/PUB 200.00 813.08 RAM EN-84203 1 200.00 English Books

© Delhi Public Library
Hit Counter
free hit counter